The Influence of Brand Image, Brand Trust, Product Quality, and Price on the Consumer’s Buying Decision of MPV Cars
Závislá premenná nákupného rozhodnutia. Testovanie modelu rozhodovania pri nákupe viacúčelových vozidiel (MPV). Model výskumu zahŕňa štyri nezávislé premenné: imidž firmy, dôveru v značku, kvalitu výrobkov a cenu.
Saved in:
| Main Author: | |
|---|---|
| Format: | Book Chapter |
| Language: | English |
| Subjects: | |
| Tags: |
No Tags, Be the first to tag this record!
|
MARC
| LEADER | 00000nla a2200000 4500 | ||
|---|---|---|---|
| 001 | 0246312 | ||
| 005 | 20220803161659.3 | ||
| 041 | 0 | |a eng | |
| 044 | |a MK | ||
| 245 | 1 | 0 | |a The Influence of Brand Image, Brand Trust, Product Quality, and Price on the Consumer’s Buying Decision of MPV Cars |c Amron Amron |
| 520 | |a Závislá premenná nákupného rozhodnutia. Testovanie modelu rozhodovania pri nákupe viacúčelových vozidiel (MPV). Model výskumu zahŕňa štyri nezávislé premenné: imidž firmy, dôveru v značku, kvalitu výrobkov a cenu. | ||
| 610 | 2 | 0 | |a kupujúci |
| 610 | 2 | 0 | |a automobily |
| 610 | 2 | 0 | |a imidž |
| 610 | 2 | 0 | |a značky |
| 610 | 2 | 0 | |a meno obchodné |
| 610 | 2 | 0 | |a kvalita |
| 610 | 2 | 0 | |a rozhodovanie nákupné |
| 610 | 2 | 0 | |a závislosť korelačná |
| 100 | 1 | |a Amron, Amron | |